[Event "Titled Tuesday intern op 27th Feb Late"]
[Site "Chess.com INT"]
[Date "2024.02.27"]
[Round "1"]
[White "Duda, Jan Krzysztof"]
[Black "Dziewonski, Dariusz"]
[Result "1-0"]
[WhiteElo "2732"]
[BlackElo "2316"]
[PlyCount "47"]
[EventDate "2024.02.27"]
[EventType "swiss (blitz)"]
[EventRounds "11"]
[EventCountry "USA"]
[SourceTitle "CB10_2024"]
[SourceDate "2024.03.06"]
[SourceVersion "1"]
[SourceVersionDate "2024.03.06"]
[SourceQuality "1"]

1. b4 e5 2. Bb2 d6 3. c4 g6 4. d4 Bg7 5. e3 exd4 6. Bxd4 Bxd4 7. Qxd4 Qf6 8. Nf3 c5 9. bxc5 dxc5 10. Qxc5 Nc6 11. Nd4 Bd7 12. Nc3 b6 13. Qd5 Nge7 14. Qe4 0-0 15. Rd1 Rfe8 16. Be2 Nf5 17. Qf3 Ne5 18. Qf4 g5 19. Ne4 Qg6 20. Qxg5 Nxd4 21. Nf6+ Kh8 22. Qxg6 fxg6 23. exd4 Re6 24. dxe5 1-0

[Event "POL-chT 2nd League"]
[Site "Jastrzebia Gora"]
[Date "2023.09.08"]
[Round "7.68"]
[White "Dziewonski, Dariusz"]
[Black "Budnik, Mateusz"]
[Result "0-1"]
[WhiteElo "2204"]
[BlackElo "1969"]
[PlyCount "218"]
[EventDate "2023.09.02"]
[EventType "team-swiss"]
[EventRounds "9"]
[EventCountry "POL"]
[SourceTitle "EXT 2024"]
[Source "ChessBase"]
[SourceDate "2023.10.10"]
[SourceVersion "1"]
[SourceVersionDate "2023.10.10"]
[SourceQuality "1"]
[WhiteTeam "Myslenice MAT"]
[BlackTeam "Warszawa Zugzwang"]
[WhiteTeamCountry "POL"]
[BlackTeamCountry "POL"]

1. e4 c6 2. d4 d5 3. Nd2 dxe4 4. Nxe4 Nf6 5. Nxf6+ exf6 6. c3 Bd6 7. Bd3 0-0 8. Qc2 h6 9. Ne2 Re8 10. Be3 Nd7 11. 0-0-0 a5 12. g4 Nf8 13. Rdg1 Be6 14. h4 Bd5 15. Rh3 Qd7 16. Kb1 b5 17. Bf5 Be6 18. Ng3 Ng6 19. Nh5 Kh8 20. Rhh1 Ne7 21. Bd3 Bd5 22. g5 f5 23. gxh6 g6 24. Nf6 Qe6 25. Nxe8 Rxe8 26. h5 Bxh1 27. Rxh1 Nd5 28. hxg6 fxg6 29. Bd2 Kh7 30. a4 b4 31. Re1 Qd7 32. Rxe8 Qxe8 33. c4 Nf6 34. f3 Qe6 35. Qc1 Bf8 36. Qg1 Qd7 37. Qe3 c5 38. d5 Qxa4 39. Bc2 Qe8 40. Ka2 Qxe3 41. Bxe3 Nd7 42. Bf4 Nb6 43. Bd3 a4 44. Be2 Nc8 45. Bd1 Bd6 46. Bg5 Nb6 47. Be2 Nd7 48. Bd1 Ne5 49. Be2 Nf7 50. Bd2 f4 51. Bd1 Ng5 52. Be1 Kxh6 53. Bh4 Nf7 54. Bxa4 Ne5 55. Bd1 Nxc4 56. Bc2 Ne5 57. Be4 g5 58. Be1 Kh5 59. Kb3 g4 60. fxg4+ Kxg4 61. Ka4 f3 62. Bf2 Kf4 63. Bh7 Ng4 64. Bh4 Ke5 65. Kb5 Kxd5 66. Bg8+ Kd4 67. Bc4 Ke4 68. Kc6 Bf8 69. Ba6 Ne5+ 70. Kb6 c4 71. Bg3 Nd3 72. Bxc4 Nxb2 73. Bb3 Ke3 74. Kb5 f2 75. Bxf2+ Kxf2 76. Bg8 Ke3 77. Bf7 Kd4 78. Bg8 Kc3 79. Bf7 Nd3 80. Bg8 b3 81. Bxb3 Kxb3 82. Kc6 Kc4 83. Kb6 Kd5 84. Kb7 Bc5 85. Kc7 Ne5 86. Kb7 Kd6 87. Ka8 Kc6 88. Kb8 Bd6+ 89. Ka8 Nd7 90. Ka7 Nb6 91. Ka6 Bb8 92. Ka5 Nd5 93. Ka4 Kc5 94. Kb3 Nb4 95. Kc3 Bf4 96. Kb3 Be5 97. Ka4 Kc4 98. Ka3 Nd3 99. Ka4 Bc7 100. Ka3 Bd8 101. Ka4 Nb2+ 102. Ka3 Kc3 103. Ka2 Nc4 104. Kb1 Bg5 105. Ka2 Bf4 106. Kb1 Kb3 107. Ka1 Bg5 108. Kb1 Na3+ 109. Ka1 Bf6# 0-1

[Event "POL-ch Blitz U18"]
[Site "Bydgoszcz"]
[Date "2023.08.31"]
[Round "3"]
[White "Borowik, Wojciech"]
[Black "Dziewonski, Dariusz"]
[Result "0-1"]
[WhiteElo "1783"]
[BlackElo "2160"]
[PlyCount "42"]
[EventDate "2023.08.28"]
[EventType "swiss"]
[EventRounds "10"]
[EventCountry "POL"]
[SourceTitle "EXT 2024"]
[Source "ChessBase"]
[SourceDate "2023.10.10"]
[SourceVersion "1"]
[SourceVersionDate "2023.10.10"]
[SourceQuality "1"]

1. d4 d5 2. c4 e6 3. Nc3 c6 4. e4 dxe4 5. Nxe4 Bb4+ 6. Bd2 Qxd4 7. Bxb4 Qxe4+ 8. Be2 Na6 9. Bc3 Nf6 10. Nf3 0-0 11. 0-0 c5 12. Bd3 Qg4 13. h3 Qh5 14. Qe2 b6 15. Be4 Rb8 16. Be5 Nxe4 17. Bxb8 Ng5 18. Bxa7 Bb7 19. Nd4 Qg6 20. h4 Nh3+ 21. Kh2 Qxg2# 0-1

[Event "Polanica Zdroj op 59th"]
[Site "Polanica Zdroj"]
[Date "2023.08.20"]
[Round "2"]
[White "Pulpan, Jakub"]
[Black "Dziewonski, Dariusz"]
[Result "1/2-1/2"]
[WhiteElo "2417"]
[BlackElo "2160"]
[PlyCount "153"]
[EventDate "2023.08.19"]
[EventType "swiss"]
[EventRounds "9"]
[EventCountry "POL"]
[SourceTitle "CBM 215 Extra"]
[Source "ChessBase"]
[SourceDate "2023.09.30"]
[SourceVersion "1"]
[SourceVersionDate "2023.09.30"]
[SourceQuality "1"]

1. e4 e5 2. Nf3 Nc6 3. Bb5 a6 4. Ba4 Nf6 5. 0-0 b5 6. Bb3 Bc5 7. c3 d6 8. d4 Bb6 9. a4 Rb8 10. a5 Ba7 11. Be3 0-0 12. dxe5 Bxe3 13. exf6 Bh6 14. fxg7 Bxg7 15. h3 b4 16. Bc4 bxc3 17. bxc3 Qf6 18. Qd3 Re8 19. Ra3 Qg6 20. Bxa6 Bxh3 21. Nh4 Qxe4 22. Qxh3 Rxb1 23. Nf5 Re5 24. Ng3 Qc2 25. Qc8+ Bf8 26. Qg4+ Bg7 27. Ra4 Rb8 28. Rc4 Nxa5 29. Rxc7 Qg6 30. Qf3 Rc5 31. Rxc5 dxc5 32. Bd3 Qf6 33. Qh5 Qxc3 34. Bxh7+ Kf8 35. Ne4 Qe5 36. Qxe5 Bxe5 37. Nxc5 Kg7 38. Be4 Nb3 39. Nd7 Nd2 40. Rd1 Nxe4 41. Nxe5 Rb5 42. Nc4 Nc3 43. Rd2 Rd5 44. Rc2 Ne4 45. Re2 Rd4 46. Rc2 Rd3 47. Re2 Rd4 48. Ne5 f5 49. Re1 Rd2 50. f3 Nc3 51. Re3 Re2 52. Rxc3 Rxe5 53. Rc6 Ra5 54. Kh2 Kf7 55. Kh3 Ra4 56. Kg3 Rb4 57. Ra6 Rc4 58. Kh3 Rb4 59. Rh6 Ra4 60. Rh4 Ra2 61. Rb4 Kf6 62. Rb6+ Kg7 63. g3 Kf7 64. Kh4 Ra3 65. f4 Rc3 66. Kg5 Rxg3+ 67. Kxf5 Ra3 68. Kg5 Rg3+ 69. Kf5 Ra3 70. Rb7+ Kf8 71. Kg5 Ra6 72. f5 Rc6 73. Rh7 Ra6 74. f6 Ra1 75. Rh8+ Kf7 76. Rh7+ Kf8 77. Rh8+ 1/2-1/2

[Event "POL-ch U16"]
[Site "Jastrzebia Gora"]
[Date "2023.??.??"]
[Round "5"]
[White "Dziewonski, Dariusz"]
[Black "Grot, Blazej"]
[Result "1-0"]
[WhiteElo "2237"]
[BlackElo "1862"]
[PlyCount "57"]
[EventDate "2023.03.11"]
[EventType "swiss"]
[EventRounds "9"]
[EventCountry "POL"]
[SourceTitle "CBM 213 Extra"]
[Source "ChessBase"]
[SourceDate "2023.05.31"]
[SourceVersion "1"]
[SourceVersionDate "2023.05.31"]
[SourceQuality "1"]

1. e4 c5 2. Nf3 e6 3. d4 cxd4 4. Nxd4 Nf6 5. Nc3 d6 6. f4 Be7 7. Be3 0-0 8. Qf3 Nbd7 9. 0-0-0 Qc7 10. g4 Nc5 11. g5 Nfd7 12. f5 Ne5 13. Qg3 Rd8 14. h4 a6 15. f6 Bf8 16. h5 b5 17. a3 Bb7 18. Qh4 Rac8 19. Be2 d5 20. g6 Nxe4 21. Nxe4 dxe4 22. gxf7+ Nxf7 23. c3 Bxa3 24. Kb1 Bxb2 25. Qg4 Ne5 26. Qxe6+ Nf7 27. Rdg1 Qa5 28. Rxg7+ Kh8 29. Rxh7+ 1-0